000
00308nam a2200133 a 4500
008
101209s1988|||| d
245
1
0
_a
Do nitra kontinentu
100
1
_a
Křivský, Petr
700
1
_a
Skřivan Aleš
260
_b
Mladá fronta
_a
Praha
_c
1988
020
_c
85
044
_a
CZ
041
_a
cze
999
_c
13995
_d
13995